000 00701nam a2200253Ia 4500
003 OSt
005 20221005083458.0
006 a|||||r|||| 00| 0
007 ta
008 221004b |||||||| |||| 00| 0 san d
024 _a44150
037 _cTextual
040 _aCRL
_cCRL
_bsan
041 _2san
_asan
082 _aO15,1A2, 111M9
100 _aMohanty Prafulla Kumar Ed.
_9612634
245 0 _aStories from Sarala's Mahabharat
260 _aNew Delhi
_bVikas india
_c1989
300 _a201p
_ccm.
650 _a SANSKRIT LITERATURE
650 _aSANSKRIT LITERATURE
942 _hO15,1A2, 111M9
_cTEXL
_2cc
999 _c991057
_d991057